L'Atelier de l'orfevre : melanges offerts a Ph. Derchain /

محفوظ في:

مؤلفون آخرون: Derchain, Philippe., Broze, Michele., Talon, Ph.

التنسيق: كتاب

اللغة: French

منشور في: Leuven : Peeters, 1992.

سلاسل: Lettres orientales ; 1.
LettrOr ; 1.

الموضوعات:

الوسوم: إضافة وسم

لا توجد وسوم, كن أول من يضع وسما على هذه التسجيلة!

رقم الطلب: DS41 .L32 v.1

LEADER 01049cam a2200337 a 4500
001 ocm28504031
003 OSt
005 20241003094019.0
008 930407s1992 be a b 000 0 fre
999 |c 55692  |d 55692 
010 |a  93136844  
020 |a 9068314203 
020 |a 9789068314205 
043 |a f-ua---  |a aw----- 
050 4 |a DS41 .L32 v.1 
245 0 2 |a L'Atelier de l'orfevre :   |b melanges offerts a Ph. Derchain /   |c edites par M. Broze et Ph. Talon. 
264 1 |a Leuven :   |b Peeters,   |c 1992. 
300 |a 200 pages :  |b illustrations ;  |c 24 cm. 
490 1 |a Lettres orientales ;  |v [1]. 
490 1 |a LettrOr ;   |v [1]. 
504 |a Includes bibliographical references. 
651 0 |a Egypt  |x Civilization  |y To 332 B.C. 
651 0 |a Egypt  |x Civilization  |y 332 B.C.-638 A.D. 
651 0 |a Middle East  |x Civilization  |y To 622. 
700 1 |a Derchain, Philippe. 
700 1 |a Broze, Michele. 
700 1 |a Talon, Ph.  |q (Philippe) 
830 0 |a Lettres orientales ;  |v 1. 
830 0 |a LettrOr ;   |v 1. 
901 |a reviewed 
942 |2 lcc  |c BK